| 000 | 00754nam0a22002531 4500 | ||
|---|---|---|---|
| 001 | rc\4441690 | ||
| 005 | 20250611173846.0 | ||
| 021 |
_aRU _b[59-46173] |
||
| 035 | _a(NLR Aleph) 008315470 | ||
| 090 |
_a8724102 _c8724102 |
||
| 100 | _a20130416d1959 |||y0rusy50 ca | ||
| 101 | 0 | _arus | |
| 102 | _aRU | ||
| 105 | _ay z |||a| | ||
| 200 | 1 |
_aОт сердца к сердцу _e[Стихи] |
|
| 210 |
_aКрасноярск _cКн. изд-во _d1959 |
||
| 215 |
_a96 с. _d13 |
||
| 700 | 1 |
_aИванов _bВ. Ф. _cпрозаик, поэт _f1922-1968 _gВадим Филиппович _9225138 _3RU\NLR\AUTH\770225194 |
|
| 801 | 0 |
_aRU _bNLR _gpsbo |
|
| 801 | 1 |
_aRU _bELAR _2rusmarc |
|
| 852 |
_aNLR _j59-1/709 |
||
| 942 | _cBOOK | ||
| 980 | _aNB | ||